000 00984cad a22002415a 4500
001 E152126
008 110201s2010 xxk f 100 0 eng d
020 _a9781842196199
035 _a(Sirsi) u152126
041 0 _aeng
100 1 _aWitt, Emlyn David Qivitoq
111 2 _aConstruction and Building Research Conference
_cDauphine Universite, Paris
_d2-3 September 2010
245 0 4 _aThe mismatch between graduate competences and market skills requirements in the construction sector
_bthe Estonian situation
_h[electronic resource]
260 _aLondon
_bRICS
_c2010
520 _aA paper presented at the COBRA Conference in Paris on 2-3 September 2010.
590 _aKA
650 2 4 _aCONSTRUCTION AND BUILDING RESEARCH CONFERENCE (COBRA)
651 4 _aEstonia
690 _aCAREERS, EDUCATION AND TRAINING
700 1 _aLill, Irene
856 4 0 _uhttps://www.rics.org/site/scripts/download_info.aspx?fileID=7887&categoryID=720
_zBroken link - not available
942 _n0
999 _c111879
_d111879